03235nam a2200361 a 4500001001200000003000800012006001900020007001500039008004100054010001700095020001800112020002700130040002100157035002100178050002400199082001800223100002900241245023800270250001700508260006700525300001600592440003300608504005300641505170100694533015202395600005102547600006402598655002902662700002202691710001702713856012602730999001702856ebr10742107CaPaEBRm o u cr cn|||||||||070326s2008 pau sb 001 0deng d z 2007012053 z9780877853275 z9780877856450 (e-book) aCaPaEBRcCaPaEBR a(OCoLC)85706481814aBX8711b.W66 2008eb04a016.289/42221 aWoofenden, William Ross.10aSwedenborg explorer's guidebookh[electronic resource] :ba research manual for inquiring new readers, seekers of spiritual ideas, and writers of Swedenborgian treatises /cWilliam Ross Woofenden ; with additions by Jonathan S. Rose. aRev. 2nd ed. aWest Chester, Pa. :bSwedenborg Foundation Publishers,cc2008. axxv, 511 p. 0aSwedenborg studies ;vno. 12 aIncludes bibliographical references and indexes.0 aSwedenborg's writings -- Chronology of published works and unpublished documents -- Alphabetical listing of Swedenborg's writings -- Classification by subject of Swedenborg's writings -- Annotated bibliography of Swedenborg's writings by year -- Published and unpublished writings -- Works of uncertain authorship and projected works that were never written -- Lost works -- Selected collateral literature -- Concordances and compendiums -- Indexes -- Dictionaries -- Documentary collections -- Bibliographies -- Doctrinal summaries -- A. basic reference -- B. general -- The lord -- The word -- E. humankind -- F. love, faith, use -- G. creation, providence, freedom -- H. sex and marriage -- Regeneration -- J. life after death, the spiritual world -- Exegetical works -- A. old testament -- B. new testament -- Studies in correspondences, parables, etc -- Major biographies of Swedenborg -- Historical studies -- A. church history -- B. church polity -- Autobiographies and biographies -- Of prominent swedenborgians -- Metaphysics -- Critical studies -- A. published works -- B. theses and dissertations -- Periodicals -- A. current periodicals -- B. former periodicals -- Indexes to periodicals -- Digests, outlines, and synopses -- Studies in science and religion -- Religious education materials -- Prayer and other devotional materials -- Literature for children -- Miscellaneous -- Glossary -- Selected list of key Swedenborgian concepts -- Pre-theological concepts relevant to the history of science and philosophy -- Concepts bridging the pre-theological and theological concepts -- Revelations about humankind and our intended destiny -- Major documentary collections and booksellers. aElectronic reproduction.bPalo Alto, Calif. :cebrary,d2013.nAvailable via World Wide Web.nAccess may be limited to ebrary affiliated libraries.10aSwedenborg, Emanuel,d1688-1772vBibliography.10aSwedenborg, Emanuel,d1688-1772xLanguagevGlossaries, etc. 7aElectronic books.2local1 aRose, Jonathan S.2 aebrary, Inc.40uhttp://site.ebrary.com/lib/rucke/Doc?id=10742107zAn electronic book accessible through the World Wide Web; click to view c35349d35349